书目信息 |
| 题名: |
丰富的地貌
|
|
| 作者: | 谢宇 主编 | |
| 分册: | ||
| 出版信息: | 北京 中国工人出版社 2004.09 |
|
| 页数: | 214页 | |
| 开本: | ||
| 丛书名: | ||
| 单 册: | ||
| 中图分类: | P531 | |
| 科图分类: | ||
| 主题词: | 地史学 , 地层学 , 地质学史 | |
| 电子资源: | ||
| ISBN: | 7-5008-3382-2 | |
| 000 | 00596nam0 2200229 450 | |
| 001 | 0755674330 | |
| 005 | 20070615094734.31 | |
| 010 | @a7-5008-3382-2@dCNY16.80 | |
| 100 | @a20070614d2004 km y0chiy0120 ea | |
| 101 | 0 | @achi |
| 102 | @aCN@b110000 | |
| 200 | 1 | @a丰富的地貌@Afeng fu de di mao@f谢宇主编@Fxie yu zhu bian |
| 210 | @a北京@c中国工人出版社@d2004.09 | |
| 215 | @a214页 | |
| 300 | @a中国自然地理百科知识文库 6 | |
| 606 | 0 | @a地史学 |
| 606 | 0 | @a地层学 |
| 606 | 0 | @a地质学史 |
| 690 | @aP531@v4 | |
| 701 | 0 | @a谢宇@Axie yu@4主编 |
| 801 | 0 | @aCN@bPFT@c20070615 |
| 905 | @aBZT@dP531@e1 | |
| 丰富的地貌/谢宇主编.-北京:中国工人出版社,2004.09 |
| 214页 |
| 中国自然地理百科知识文库 6 |
| ISBN 7-5008-3382-2:CNY16.80 |
| ● |
| 相关链接 |
|
|
|
正题名:丰富的地貌
索取号:P531/1
 
预约/预借
| 序号 | 登录号 | 条形码 | 馆藏地/架位号 | 状态 | 备注 |
| 1 | 559479 | 230106208 | 中心书库中库/ 中库041架A面3列3层66/ [索取号:P531/1] | 在馆 | |
| 2 | 559480 | 230106217 | 中心书库中库/ 中库041架A面3列3层63/ [索取号:P531/1] | 在馆 | |
| 3 | 559481 | 230106216 | 中心书库中库/ 中库041架A面3列3层59/ [索取号:P531/1] | 在馆 | |
| 4 | 559482 | 230106215 | 中心书库中库/ 中库041架A面3列3层64/ [索取号:P531/1] | 在馆 | |
| 5 | 559483 | 230106214 | 中心书库中库/ 中库041架A面3列3层60/ [索取号:P531/1] | 在馆 | |
| 6 | 559484 | 230106213 | 中心书库中库/ 中库041架A面3列3层57/ [索取号:P531/1] | 在馆 | |
| 7 | 559485 | 230106212 | 中心书库中库/ 中库041架A面3列3层58/ [索取号:P531/1] | 在馆 | |
| 8 | 559486 | 230106211 | 中心书库中库/ 中库041架A面3列3层61/ [索取号:P531/1] | 在馆 | |
| 9 | 559487 | 230106210 | 中心书库中库/ 中库041架A面3列3层62/ [索取号:P531/1] | 在馆 | |
| 10 | 559488 | 230106209 | 中心书库中库/ 中库041架A面3列3层65/ [索取号:P531/1] | 在馆 |